000
00214 a2200097 4500
001
20437
100
_a
Aziz K K
245
_a
Indian Khilafat Movement 1915-33
260
_a
_b
Pak Pub Ltd
_c
090
_c
14872
_d
14872
942
_a
NUST-CAE
_c
M
_c
5416
999
_c
255510
_d
255510